00254nam a2200121Ia 45000030006000000080041000060400015000471000013000622450019000752600009000945460012001030050017001150STCL150530s9999 xx 000 0 und d aSTCLcSTCL aRemarque aThree Comrades c1934 aEnglish20220125171028.0